00554nam a2200145 a 450000100100000000500170001000800410002704000250006810000340009324500630012726000760019030000200026695201050028699900170039100003347620200930070302.0110830s19uu dr 000 0 spa d aDO-SdBNPbspacBNPHU1 aÁlvarez, Máximo A.95900410aMensajes y paliques de cometón /cMáximo A. Álvarez. aLa Vega, República Dominicana :bEl Progreso de R. A. Ramos,c[194?]. a26 p. ;c23 cm. 001050718RVaPDbPDcCTd2011-08-30iLF1l0o p33476-10r2020-06-25w2020-06-25y1ZNo se presta c32967d32967